Novel Pd (II)-Catalyzed Cyclizations in the Total Synthesis of Natural Products

Saved in:
Bibliographic Details
Main Author: Kubizna, Peter
Format: Book
Language:English
Published: Bratislava STU FCHPT 2009
Online Access:View in OPAC
Tags: Add Tag
No Tags, Be the first to tag this record!

MARC

LEADER 00000nam a2200000 a 4500
005 20260127134014.0
008 110203 2009 xo 000 0 eng d
035 |a vtls010208579 
039 9 |y 201102030858  |z mschk03 
040 |a STUSCHK1  |b slo  |c STUSCHK1  |e AACR2 
100 1 |a Kubizna, Peter 
245 1 |a Novel Pd (II)-Catalyzed Cyclizations in the Total Synthesis of Natural Products  |c Peter Kubizna 
260 |a Bratislava  |b STU FCHPT  |c 2009 
300 |a 234 s.  |b il.  |c 30 cm + CD-ROM 
500 |a Dizertačná práca 
500 |a Obháj.: 10.12. 2009 
500 |a Fakulta chemickej a potravinárskej technológie 
910 |a SCHK95 
999 |c 1955  |d 1955